000 00953cam a22002651 4500
001 sa 66003072
003 DLC
005 20260227112233.0
008 831228s1965 ii 000 0 eng
010 _asa 66003072
015 _aGB66-4473
035 _a(OCoLC)21625636
040 _aDLC
_cCU
_dVtU
_dUk
_dDLC
042 _apremarc
050 0 0 _aHC438.S5
_bG3 1965
100 1 _aGadgil, D. R.
_q(Dhananjaya Ramchandra),
_d1901-1971.
245 1 0 _aSholapur City: socio-economic studies
_c[by] D.R. Gadgil (assisted by the staff of the Institute)
260 _aPoona, Gokhale Institute of Politics and Economics;
_aBombay,
_bNew York, Asia Pub. House,
_c[1965]
300 _axii, 337 p.
_bmaps.
_c25 cm
490 1 _aGokhale Institute studies,
_vno. 46
504 _aBibliographical footnotes
651 0 _aSholāpur (India)
_xEconomic conditions.
651 0 _aSholāpur (India)
_xSocial conditions.
830 0 _aGokhale Institute studies ;
_vno. 46.
999 _c68711
_d68711